Sample Paper and Model Test Paper (Record no. 11847)

MARC details
000 -LEADER
fixed length control field 00281nam a22001097a 4500
008 - FIXED-LENGTH DATA ELEMENTS--GENERAL INFORMATION
fixed length control field 211025b ||||| |||| 00| 0 eng d
050 ## - LIBRARY OF CONGRESS CALL NUMBER
Classification number 8H0
Item number 1
245 ## - TITLE STATEMENT
Title Sample Paper and Model Test Paper
260 ## - PUBLICATION, DISTRIBUTION, ETC. (IMPRINT)
Place of publication, distribution, etc. New Delhi
Name of publisher, distributor, etc. Goyal Brothers Prakashan
Date of publication, distribution, etc. 2021
300 ## - PHYSICAL DESCRIPTION
Extent 1
942 ## - ADDED ENTRY ELEMENTS (KOHA)
Source of classification or shelving scheme Dewey Decimal Classification
Koha item type BOOK

No items available.

Powered by Koha